Priča o Hrvatskom biografskom leksikonu : pokušaj ubojstva jedne knjige /
Disimpan dalam:
| Pengarang Utama: | |
|---|---|
| Format: | Buku |
| Bahasa: | Croatian |
| Diterbitkan: |
Zagreb,
Matica hrvatska,
1997.
|
| Subjek-subjek: | |
| Penanda-penanda: |
Tambah Penanda
Tiada Penanda, Jadilah orang pertama menanda rekod ini!
|
| LEADER | 00874nam a22002537a 4500 | ||
|---|---|---|---|
| 001 | 007711234-2 | ||
| 005 | 20100623154903.0 | ||
| 008 | 980219s1997 ci b 001|||hrv|d | ||
| 020 | |a 9531501084 | ||
| 035 | 0 | |a ocm39014993 | |
| 050 | 0 | 0 | |a CT1457.C76 |b H7837 1997 |
| 100 | 1 | |a Stipčević, Aleksandar, |d 1930-2015. | |
| 245 | 1 | 0 | |a Priča o Hrvatskom biografskom leksikonu : |b pokušaj ubojstva jedne knjige / |c Aleksandar Stipčević. |
| 260 | 0 | |a Zagreb, |b Matica hrvatska, |c 1997. | |
| 300 | |a 226 p. | ||
| 504 | |a Includes bibliographical references and index. | ||
| 546 | |a In Serbo-Croatian (roman). | ||
| 630 | 0 | 0 | |a Hrvatski biografski leksikon. |
| 651 | 0 | |a Croatia |x Biography |x Dictionaries. | |
| 650 | 0 | |a Publishers and publishing |x Political aspects |z Croatia. | |
| 651 | 0 | |a Croatia |x Relations |z Serbia. | |
| 651 | 0 | |a Serbia |x Relations |z Croatia. | |
| 988 | |a 20020608 | ||
| 906 | |0 MH | ||


